Представление документа в формате MARC21

Поле Инд. ПП Название Значение
Тип записи a
Библиографический уровень m
001 Контрольный номер RU/IS/BASE/498743943
005 Дата корректировки 20260605112729.1
020 a ISBN 978-5-394-01879-4
080 a Индекс УДК 620.2(075.8)
080 a Индекс УДК 005.935.3(075.8)
090 a Полочн. индекс 620.2
x Авторский знак П 30
097 b Оператор *Ольга*
100 1_ a Автор Петрище Ф.А.
245 10 a Заглавие Теоретические основы товароведения и экспертизы
b Продолж. заглавия учебник
b Продолж. заглавия в составе учебно-методического комплекса
250 a Основные сведения об издании 5-е изд., доп. и испр.
260 a Место издания Москва
b Издательство Дашков и К
c Дата издания 2017
440 _0 a Серия Учебные издания для бакалавров
440 _0 a Серия УМК-У
516 8_ a Прим. о типе комп. файла/ данных Текст : электронный
a Прим. о типе комп. файла/ данных Режим доступа: по подписке
a Прим. о типе комп. файла/ данных Дата обращения: 07.07.2022
520 0_ a Аннотация В учебнике изложены теоретические аспекты товароведения и экспертизы непродовольственных товаров. Основное внимание уделено формированию качества, методам анализа свойств и экспертизе товаров. Для студентов бакалавриата, обучающихся по направлению подготовки «Товароведение», товароведных и экономических специальностей, преподавателей, специалистов.
535 1_ a Хранилище ЭБС Лань
583 a Действие Приписка : УМК
653 0_ a Ключевые слова Ассортимент товаров
a Ключевые слова Качество товаров
a Ключевые слова Конкурентоспособность
a Ключевые слова Контроль качества
a Ключевые слова Оценочная деятельность
a Ключевые слова Товарная экспертиза
a Ключевые слова Товароведение
a Ключевые слова Управление качеством
a Ключевые слова Экспертиза товаров
773 18 w Контрольный № источника 30089670bb88478cbd9ada0122378322
856 40 u URL https://e.lanbook.com/book/93492
901 t Тип документа m
905 a Дата создания записи 28.06.22
c Дата приписки 05.06.26